Countries that Have Controlled Part of Brazil - Statistics

General Stats
  • This quiz has been taken 480 times
  • The average score is 9 of 11
Answer Stats
Start End Country % Correct
1532 1822 Portugal
97%
1541 1825 Spain
97%
1555 1567 France
94%
1810 1811 Argentina
87%
1630 1654 Netherlands
86%
1811 1928 Colombia
84%
1825 1903 Bolivia
79%
1811 1870 Paraguay
79%
1821 1909 Peru
79%
1822 - Brazil
58%
1830 1904 Ecuador
57%
No matching quizzes found
Score Distribution
Percent of People with Each Score
Percentile by Number Answered
Your Score History
You have not taken this quiz